Statistics for JetPunk Most Guessed Countries by First Two Letters

Click here to take the quiz!

General Stats

  • This quiz has been taken 47 times
    (33 since last reset)
  • The average score is 9 of 20

Answer Stats

HintAnswer% Correct
SwSweden
80%
IrIran
73%
AuAustralia
70%
CaCambodia
63%
CoColombia
63%
InIndia
63%
BrBrazil
60%
BoBolivia
53%
AlAlbania
50%
ChChad
43%
GeGeorgia
43%
GuGuatemala
40%
PaPakistan
40%
UnUnited Arab Emirates
37%
LiLiberia
30%
MaMadagascar
30%
MoMoldova
30%
NoNorth Korea
30%
SiSierra Leone
20%
SoSolomon Islands
20%

Score Distribution

Percentile by Number Answered

Percent of People with Each Score

Your Score History

You have not taken this quiz since the last reset